Karnatakada rajakiya itihasa mattu karnatakada samskratika parampare: (Record no. 223006)
[ view plain ]
| 000 -LEADER | |
|---|---|
| fixed length control field | 01520nam a22002417a 4500 |
| 005 - DATE AND TIME OF LATEST TRANSACTION | |
| control field | 20220523113658.0 |
| 008 - FIXED-LENGTH DATA ELEMENTS--GENERAL INFORMATION | |
| fixed length control field | 220519b ||||| |||| 00| 0 eng d |
| 040 ## - CATALOGING SOURCE | |
| Transcribing agency | Aloy |
| 041 ## - LANGUAGE CODE | |
| Language code of text/sound track or separate title | eng |
| 082 ## - DEWEY DECIMAL CLASSIFICATION NUMBER | |
| Edition number | 23 |
| Classification number | 954.87K |
| Item number | JAGK |
| 100 ## - MAIN ENTRY--PERSONAL NAME | |
| Personal name | K Jagadeesh: ಕೆ ಜಗದೀಶ |
| 100 ## - MAIN ENTRY--PERSONAL NAME | |
| 9 (RLIN) | 38490 |
| 245 ## - TITLE STATEMENT | |
| Title | Karnatakada rajakiya itihasa mattu karnatakada samskratika parampare: |
| Remainder of title | ಕರ್ನಾಟಕದ ರಾಜಕೀಯ ಇತಿಹಾಸ ಮತ್ತು ಕರ್ನಾಟಕದ ಸಾಂಸ್ಕ್ರತಿಕ ಪರಂಪರೆ |
| 260 ## - PUBLICATION, DISTRIBUTION, ETC. | |
| Place of publication, distribution, etc. | Dharawada |
| Name of publisher, distributor, etc. | Chiraga Prakashana |
| Date of publication, distribution, etc. | 2022 |
| 300 ## - PHYSICAL DESCRIPTION | |
| Extent | iv,239p, |
| Other physical details | PB |
| Dimensions | 21x14cm. |
| 365 ## - TRADE PRICE | |
| Source of price type code | History |
| Price type code | 582 |
| Price amount | 176.00 |
| Currency code | ₹ |
| Unit of pricing | 220.00 |
| Price note | 20% |
| Price effective from | 10-05-2022 |
| 520 ## - SUMMARY, ETC. | |
| Summary, etc. | ಪರಿವಿಡಿ <br/>ದೋರಸಮುದ್ರದ ಹೊಯ್ಸಳರು <br/>ಮಧ್ಯಯುಗೀನ ಕರ್ನಾಟಕ <br/>ವಿಜಯನಗರ ಸಾಮ್ರಾಜ್ಯದ ಮನೆತನಗಳು <br/>ಮೈಸೂರು ಒಡೆಯರು <br/>ಜಾತ್ರೆ ಹಬ್ಬ ಆಚರಣೆಗಳು <br/>ಪ್ರದರ್ಶನ ಕಲೆಗಳು |
| 650 ## - SUBJECT ADDED ENTRY--TOPICAL TERM | |
| Topical term or geographic name entry element | History of Karnataka: ಕರ್ನಾಟಕದ ಇತಿಹಾಸ |
| 9 (RLIN) | 37971 |
| 650 ## - SUBJECT ADDED ENTRY--TOPICAL TERM | |
| Topical term or geographic name entry element | Political History of Karnataka: ಕರ್ನಾಟಕದ ರಾಜಕೀಯ ಇತಿಹಾಸ |
| 9 (RLIN) | 37972 |
| 650 ## - SUBJECT ADDED ENTRY--TOPICAL TERM | |
| Topical term or geographic name entry element | Cultural Heritage of Karnataka: ಕರ್ನಾಟಕದ ಸಾಂಸ್ಕ್ರತಿಕ ಪರಂಪರೆ |
| 9 (RLIN) | 37973 |
| 650 ## - SUBJECT ADDED ENTRY--TOPICAL TERM | |
| Topical term or geographic name entry element | NEP II Sem BA |
| 9 (RLIN) | 38491 |
| 700 ## - ADDED ENTRY--PERSONAL NAME | |
| Personal name | Jagadeesh (K): ಜಗದೀಶ (ಕೆ) |
| 9 (RLIN) | 37974 |
| 942 ## - ADDED ENTRY ELEMENTS (KOHA) | |
| Source of classification or shelving scheme | Dewey Decimal Classification |
| Koha item type | Book |
| Withdrawn status | Lost status | Source of classification or shelving scheme | Damaged status | Not for loan | Collection code | Home library | Current library | Date acquired | Source of acquisition | Cost, normal purchase price | Total Checkouts | Full call number | Barcode | Date last seen | Cost, replacement price | Price effective from | Koha item type |
|---|---|---|---|---|---|---|---|---|---|---|---|---|---|---|---|---|---|
| Dewey Decimal Classification | History | St Aloysius Library | St Aloysius Library | 05/18/2022 | Biblios Book Point, Surathkal, Mangalore-575014 | 176.00 | 954.87K JAGK | 075807 | 05/19/2022 | 220.00 | 05/19/2022 | Book | |||||
| Dewey Decimal Classification | History | St Aloysius Library | St Aloysius Library | 05/18/2022 | Biblios Book Point, Surathkal, Mangalore-575014 | 176.00 | 954.87K JAGK | 075808 | 05/19/2022 | 220.00 | 05/19/2022 | Book |